Italian Cities - Sudden Death - Statistics

General Stats
  • This quiz has been taken 90 times
  • The average score is 8 of 13
Answers on the Grid
Answers color-coded by a green-red scale on the quiz's grid according to % correct below.
Pamplona
Brindisi
Olbia
Rosario
Bari
Varese
Toledo
Lamezia Terme
Recife
Neiva
Ferrara
Rimini
Sassari
Matera
Cuenca
Curitiba
Taranto
Braga
Ajaccio
Udine
Aosta
Latina
 
Answer Stats
Answer % Correct
Bari
88%
Rimini
74%
Ferrara
68%
Udine
68%
Taranto
65%
Brindisi
60%
Lamezia Terme
57%
Varese
57%
Sassari
56%
Aosta
53%
Matera
49%
Olbia
47%
Latina
43%
No matching quizzes found
Score Distribution
Percent of People with Each Score
Percentile by Number Answered
Your Score History
You have not taken this quiz